[Event "World Cup Rapid Chess"]
[Site "Cannes"]
[Date "2001.03.22"]
[Round "1"]
[White "Gurevich, Mikhail"]
[Black "Ye, Jiangchuan"]
[Result "1-0"]
[WhiteElo "2693"]
[BlackElo "2672"]
[PlyCount "95"]
[EventDate "2001.03.??"]

1. c4 Nf6 2. Nc3 g6 3. g3 d5 4. cxd5 Nxd5 5. Bg2 Nb6 6. d3 Bg7 7. Be3 Nc6 8.
Nf3 O-O 9. Qc1 e5 10. Bh6 Re8 11. Bxg7 Kxg7 12. O-O a5 13. b3 Nd4 14. Re1 c6
15. Qb2 f6 16. Nd2 Nd5 17. Nce4 Bg4 18. Nc4 Nb4 19. Ne3 Be6 20. Nc5 Bc8 21. a3
Nd5 22. Nc2 Qb6 23. Na4 Qxb3 24. Qxb3 Nxb3 25. Rab1 b5 26. Bxd5 cxd5 27. Nc3 a4
28. Nxb5 Re7 29. Na1 Nxa1 30. Rxa1 Bh3 31. f3 d4 32. Kf2 Be6 33. Rec1 Rb8 34.
Nc7 Bf7 35. Na6 Rb2 36. Nb4 f5 37. Nc6 Re8 38. Rab1 Rb3 39. Ra1 h5 40. f4 exf4
41. gxf4 Rb2 42. Nxd4 Rd8 43. Nf3 Rxd3 44. Rc7 Rd6 45. Ne5 Rf6 46. Rd1 Rb3 47.
Rdd7 Rxa3 48. Nxf7 1-0

[Event "World Cup Rapid Chess"]
[Site "Cannes"]
[Date "2001.03.22"]
[Round "1"]
[White "Tkachiev, Vladislav"]
[Black "Hamdouchi, Hicham"]
[Result "1-0"]
[WhiteElo "2671"]
[BlackElo "2541"]
[PlyCount "59"]
[EventDate "2001.03.??"]

1. d4 e6 2. c4 b6 3. a3 Bb7 4. Nc3 f5 5. d5 Nf6 6. g3 Na6 7. Bg2 Nc5 8. Nh3 g6
9. b4 Na6 10. O-O Bg7 11. dxe6 Bxg2 12. Kxg2 O-O 13. exd7 Qxd7 14. Bb2 Qc6+ 15.
Nd5 Qxc4 16. Bxf6 Bxf6 17. Rc1 Qe4+ 18. f3 Qe8 19. Qd3 b5 20. Nhf4 Be5 21. Rc6
Bxf4 22. gxf4 Rd8 23. Rxa6 Qf7 24. Nf6+ Kg7 25. Qc3 Kh6 26. e4 Qa2+ 27. Rf2 Qb1
28. Qxc7 Rxf6 29. Rxf6 Rd1 30. Rf7 1-0

[Event "World Cup Rapid Chess"]
[Site "Cannes"]
[Date "2001.03.22"]
[Round "1"]
[White "Lautier, Joel"]
[Black "Polgar, Judit"]
[Result "1/2-1/2"]
[WhiteElo "2653"]
[BlackElo "2675"]
[PlyCount "106"]
[EventDate "2001.03.??"]

1. d4 Nf6 2. c4 e6 3. Nc3 Bb4 4. e3 b6 5. Nge2 c5 6. a3 Ba5 7. Rb1 Na6 8. Bd2
Bb7 9. Ng3 cxd4 10. exd4 Bxc3 11. bxc3 h5 12. h4 Rc8 13. Qa4 Ra8 14. Bg5 Qc8
15. f3 Nc7 16. Bd3 Bc6 17. Qc2 d5 18. cxd5 Ncxd5 19. O-O Qc7 20. Ne4 Nf4 21.
Nxf6+ gxf6 22. Bxf6 Nh3+ 23. gxh3 Rg8+ 24. Kh1 Qg3 25. Be4 Bxe4 26. fxe4 Qxh3+
27. Qh2 Qd3 28. Bg5 f6 29. Qf4 Qh3+ 30. Qh2 Qxh2+ 31. Kxh2 fxg5 32. Rf6 Ke7 33.
Rbf1 gxh4 34. Rf7+ Kd6 35. c4 Rg4 36. e5+ Kc6 37. R1f6 Re8 38. d5+ Kc5 39. Rxe6
Reg8 40. Rf2 Kxc4 41. d6 R4g7 42. Rh6 Kd5 43. Rd2+ Kxe5 44. d7 Rd8 45. Rxh5+
Ke4 46. Rhd5 h3 47. R2d4+ Ke3 48. Rd3+ Ke4 49. R3d4+ Ke3 50. Kxh3 Rh8+ 51. Rh4
Rd8 52. Rhd4 Rh8+ 53. Rh4 Rd8 1/2-1/2

[Event "World Cup Rapid Chess"]
[Site "Cannes"]
[Date "2001.03.22"]
[Round "2"]
[White "Adams, Michael"]
[Black "Tkachiev, Vladislav"]
[Result "1/2-1/2"]
[WhiteElo "2745"]
[BlackElo "2671"]
[PlyCount "52"]
[EventDate "2001.03.??"]

1. e4 c5 2. Nf3 e6 3. c3 Nf6 4. e5 Nd5 5. d4 cxd4 6. cxd4 d6 7. Bc4 Nc6 8. O-O
Be7 9. Qe2 O-O 10. Nc3 Nxc3 11. bxc3 dxe5 12. dxe5 Qa5 13. Qe4 Qa4 14. Bg5 h6
15. Bxe7 Nxe7 16. Rab1 Bd7 17. Bd3 Qxe4 18. Bxe4 Bc6 19. Bxc6 bxc6 20. Rb7 Nd5
21. c4 Nc3 22. a3 Rfb8 23. Rc7 Rc8 24. Rb7 Rcb8 25. Rc7 Rc8 26. Rb7 Rcb8
1/2-1/2

[Event "World Cup Rapid Chess"]
[Site "Cannes"]
[Date "2001.03.22"]
[Round "2"]
[White "Gulko, Boris"]
[Black "Bauer, Christian"]
[Result "1-0"]
[WhiteElo "2623"]
[BlackElo "2618"]
[PlyCount "94"]
[EventDate "2001.03.??"]

1. c4 b6 2. b3 Bb7 3. Bb2 e6 4. Nf3 f5 5. g3 Nf6 6. Bg2 Be7 7. O-O O-O 8. Nc3
c5 9. d4 Ne4 10. d5 Bf6 11. Rc1 exd5 12. cxd5 Na6 13. Nxe4 fxe4 14. Bxf6 Qxf6
15. Nd2 e3 16. fxe3 Qg5 17. Rf4 Nb4 18. Nf3 Qe7 19. Qd2 Nxd5 20. Rxf8+ Rxf8 21.
Nh4 Qe5 22. Bf3 Bc6 23. Ng2 Re8 24. Rd1 Nxe3 25. Bxc6 dxc6 26. Qxe3 Qxe3+ 27.
Nxe3 Rxe3 28. Kf2 Re7 29. Rd6 Rc7 30. e4 Kf7 31. Ke3 a5 32. h4 Ke7 33. e5 a4
34. bxa4 Ra7 35. Rxc6 Rxa4 36. Rxb6 Rxa2 37. Ke4 Rd2 38. h5 Rd4+ 39. Kf5 c4 40.
Rc6 Kd7 41. Rc5 Ke7 42. Rc7+ Kd8 43. Rc6 Kd7 44. Rc5 Ke7 45. g4 g6+ 46. hxg6
hxg6+ 47. Kg5 Ke6 1-0

[Event "World Cup Rapid Chess"]
[Site "Cannes"]
[Date "2001.03.22"]
[Round "3"]
[White "Bacrot, Etienne"]
[Black "Ye, Jiangchuan"]
[Result "1-0"]
[WhiteElo "2618"]
[BlackElo "2672"]
[PlyCount "133"]
[EventDate "2001.03.??"]

1. d4 Nf6 2. c4 g6 3. Nc3 Bg7 4. e4 d6 5. Nf3 O-O 6. Be2 e5 7. O-O Nc6 8. d5
Ne7 9. b4 c6 10. Ne1 a5 11. bxa5 Qxa5 12. Bd2 Qd8 13. a4 Nd7 14. Nd3 f5 15. Kh1
Kh8 16. Ra3 Nf6 17. f3 c5 18. exf5 Nxf5 19. Nf2 Nd4 20. Bd3 Bf5 21. Bg5 Qd7 22.
Qd2 Rf7 23. a5 Raf8 24. a6 bxa6 25. Rxa6 Rb8 26. Nfe4 Bxe4 27. Nxe4 Nxe4 28.
Bxe4 Bf8 29. Qa2 Kg8 30. Ra1 Qc8 31. h4 Nf5 32. Qf2 Rfb7 33. R6a2 Be7 34. g4
Bxg5 35. hxg5 Nd4 36. Kg2 Qd8 37. Qe3 Rb3 38. Qd2 Qf8 39. Rf1 R8b4 40. Rf2 Qb8
41. f4 exf4 42. Qxf4 Rb7 43. Ra6 Rb2 44. Qxd6 Rxf2+ 45. Kxf2 Rf7+ 46. Kg3 Qb3+
47. Kh4 Rf8 48. Bxg6 Qb7 49. Be4 Qg7 50. Qh6 Qxh6+ 51. gxh6 Rb8 52. d6 Rd8 53.
Ra7 Rxd6 54. Bxh7+ Kh8 55. Kh5 Nc6 56. Rg7 Ne5 57. g5 Rd2 58. g6 Rh2+ 59. Kg5
Nxg6 60. Bxg6 Rh5+ 61. Kf6 Rf5+ 62. Ke7 Re5+ 63. Kd7 Rg5 64. Rh7+ Kg8 65. Be4
Re5 66. Rg7+ Kh8 67. Re7 1-0

[Event "World Cup Rapid Chess"]
[Site "Cannes"]
[Date "2001.03.22"]
[Round "3"]
[White "Kasimdzhanov, Rustam"]
[Black "Adams, Michael"]
[Result "1/2-1/2"]
[WhiteElo "2692"]
[BlackElo "2745"]
[PlyCount "81"]
[EventDate "2001.03.??"]

1. e4 e5 2. Nf3 Nc6 3. Bb5 a6 4. Ba4 Nf6 5. O-O Bc5 6. c3 b5 7. Bc2 d6 8. a4
Bg4 9. h3 Bh5 10. axb5 axb5 11. Rxa8 Qxa8 12. b4 Bb6 13. d3 O-O 14. Bg5 Nd7 15.
Bb3 Nd8 16. Nbd2 Ne6 17. Be3 Bxe3 18. fxe3 Qa7 19. Qe1 Bxf3 20. Nxf3 Qa3 21.
Bd5 c5 22. bxc5 Ndxc5 23. d4 Nd7 24. Qa1 Qxa1 25. Rxa1 exd4 26. cxd4 Rb8 27.
Nd2 Nf6 28. Ra6 Ne8 29. Bb3 Kf8 30. Kf2 Rb7 31. Ke2 N6c7 32. Ra1 Ke7 33. Kd3
Nf6 34. Nb1 b4 35. Nd2 Nb5 36. Nc4 Rc7 37. Ra5 Na3 38. e5 dxe5 39. Rxe5+ Kd8
40. Ra5 Ke7 41. g4 1/2-1/2

[Event "World Cup Rapid Chess"]
[Site "Cannes"]
[Date "2001.03.22"]
[Round "3"]
[White "Grischuk, Alexander"]
[Black "Bareev, Evgeny"]
[Result "0-1"]
[WhiteElo "2676"]
[BlackElo "2704"]
[PlyCount "110"]
[EventDate "2001.03.??"]

1. e4 e6 2. d4 d5 3. e5 c5 4. c3 Nc6 5. Nf3 Nh6 6. dxc5 Bxc5 7. b4 Bb6 8. b5
Ne7 9. Bd3 Ng4 10. O-O Ng6 11. Bxg6 fxg6 12. h3 Nh6 13. Bxh6 gxh6 14. Nbd2 O-O
15. c4 a6 16. Qe2 axb5 17. cxd5 exd5 18. Qxb5 Ra5 19. Qb4 Bc5 20. Qc3 Ba7 21.
a4 d4 22. Qb4 Rd5 23. Rfe1 Qb6 24. Qxb6 Bxb6 25. Ne4 Kg7 26. Rab1 Bc7 27. Rb5
Rxb5 28. axb5 d3 29. Nc5 Rd8 30. Rd1 d2 31. Ne4 Bf5 32. Nexd2 Ba5 33. e6 Kf6
34. Re1 Ke7 35. Re2 Bd3 36. Re3 Bxb5 37. Ne4 Bc6 38. g4 Bb6 39. Re2 Rd1+ 40.
Kg2 Bc7 41. h4 Rd3 42. g5 h5 43. Ne1 Rd4 44. f3 Bxe4 45. fxe4 Kxe6 46. Nf3 Rc4
47. Rb2 b6 48. e5 Bxe5 49. Rxb6+ Kf5 50. Rb5 Re4 51. Rb7 Kg4 52. Kf1 Re2 53.
Nxe5+ Rxe5 54. Rb4+ Kg3 55. Rd4 Rf5+ 0-1

[Event "World Cup Rapid Chess"]
[Site "Cannes"]
[Date "2001.03.22"]
[Round "4"]
[White "Bacrot, Etienne"]
[Black "Tkachiev, Vladislav"]
[Result "1-0"]
[WhiteElo "2618"]
[BlackElo "2671"]
[PlyCount "93"]
[EventDate "2001.03.??"]

1. d4 d6 2. Nf3 g6 3. c4 Bg7 4. Nc3 Bg4 5. g3 Bxf3 6. exf3 e6 7. d5 exd5 8.
cxd5 Ne7 9. Bg2 O-O 10. O-O Nd7 11. h4 Nb6 12. Bg5 h6 13. Bf4 h5 14. g4 c6 15.
dxc6 Nxc6 16. Ne4 d5 17. Ng5 Qf6 18. Bc1 Qd4 19. gxh5 Qxd1 20. Rxd1 gxh5 21. f4
Nd4 22. Be3 Nf5 23. Bxb6 axb6 24. Bxd5 Nxh4 25. Rac1 Ng6 26. Rc7 Nxf4 27. Bxf7+
Kh8 28. Bb3 Ra5 29. Nf7+ Kh7 30. Rdd7 Re8 31. Kh2 Ne6 32. Rxb7 Nf8 33. Nd6 Nxd7
34. Nxe8 Be5+ 35. Kh3 Bxb2 36. Rxd7+ Kh6 37. Rd6+ Kg5 38. Rd5+ Rxd5 39. Bxd5
Bd4 40. f3 Be5 41. Bf7 h4 42. Bd5 b5 43. Bc6 b4 44. Bd5 Kf4 45. Kxh4 Ke3 46.
Kg4 Kd4 47. Bb3 1-0

[Event "World Cup Rapid Chess"]
[Site "Cannes"]
[Date "2001.03.22"]
[Round "4"]
[White "Grischuk, Alexander"]
[Black "Bauer, Christian"]
[Result "1/2-1/2"]
[WhiteElo "2676"]
[BlackElo "2618"]
[PlyCount "157"]
[EventDate "2001.03.??"]

1. e4 c6 2. d4 d5 3. e5 c5 4. dxc5 e6 5. Nf3 Bxc5 6. Bd3 Nc6 7. O-O f6 8. Qe2
fxe5 9. Nxe5 Nxe5 10. Qxe5 Nf6 11. Nd2 O-O 12. Nf3 Bd6 13. Qe2 Qc7 14. Re1 Bd7
15. Bg5 Rae8 16. Ne5 Bc8 17. c3 h6 18. Bh4 Nd7 19. Bg3 Nxe5 20. Bxe5 Bxe5 21.
Qxe5 Qb6 22. Re2 Rf6 23. Qd4 Qxd4 24. cxd4 Bd7 25. Rc1 Rf4 26. Bg6 Rd8 27. Rd2
Bc6 28. g3 Rf6 29. Bd3 Kf7 30. b4 Ke7 31. b5 Be8 32. Rc7+ Rd7 33. Rc8 Rd8 34.
Rc7+ Rd7 35. Rxd7+ Bxd7 36. f4 Rf8 37. Rc2 Kd6 38. h4 g5 39. fxg5 hxg5 40. Rf2
Rxf2 41. Kxf2 gxh4 42. gxh4 e5 43. dxe5+ Kxe5 44. h5 Kf6 45. h6 a6 46. bxa6
bxa6 47. Ke3 a5 48. Kd4 a4 49. a3 Bc6 50. Kc5 Bd7 51. Kxd5 Be8 52. Kc5 Bf7 53.
Kb4 Bb3 54. Kc3 Bd5 55. Bc2 Bc6 56. Kb4 Bd7 57. Bxa4 Bf5 58. Kc3 Be4 59. Bc2
Bc6 60. Kd4 Bb5 61. Kc5 Bd7 62. Bd3 Ba4 63. Kd6 Bb3 64. Kc5 Ba4 65. Kb4 Bd1 66.
Kc3 Ba4 67. Bc2 Bc6 68. Kb4 Bd7 69. Ba4 Bf5 70. Bb5 Bc2 71. Kc3 Bd1 72. Be8 Be2
73. a4 Ba6 74. a5 Bb7 75. Kd4 Bc8 76. Kc5 Ba6 77. Kb6 Bc8 78. Bc6 Kg6 79. Bb7
1/2-1/2

[Event "World Cup Rapid Chess"]
[Site "Cannes"]
[Date "2001.03.23"]
[Round "5"]
[White "Tkachiev, Vladislav"]
[Black "Ye, Jiangchuan"]
[Result "1-0"]
[WhiteElo "2671"]
[BlackElo "2672"]
[PlyCount "77"]
[EventDate "2001.03.??"]

1. d4 Nf6 2. c4 g6 3. Nf3 Bg7 4. g3 O-O 5. Bg2 d5 6. cxd5 Nxd5 7. O-O Nb6 8.
Nc3 Nc6 9. e3 Re8 10. d5 Na5 11. Nd4 Bd7 12. e4 c6 13. Bf4 cxd5 14. exd5 Rc8
15. Rc1 Nac4 16. b3 Nd6 17. Qd2 a6 18. Rfe1 Rc5 19. a4 Nbc8 20. Be3 Qa5 21. Qb2
Rc7 22. b4 Nc4 23. Qb1 Qb6 24. a5 Qa7 25. Ndb5 Nxe3 26. Nxa7 Nxg2 27. Kxg2 Nxa7
28. Ne4 Rxc1 29. Qxc1 Nb5 30. Qf4 h6 31. Nc5 Bc8 32. d6 e5 33. d7 Bxd7 34. Nxd7
exf4 35. Rxe8+ Kh7 36. Nf8+ Bxf8 37. Rxf8 Kg7 38. Rd8 fxg3 39. hxg3 1-0

[Event "World Cup Rapid Chess"]
[Site "Cannes"]
[Date "2001.03.23"]
[Round "5"]
[White "Kasimdzhanov, Rustam"]
[Black "Bacrot, Etienne"]
[Result "1/2-1/2"]
[WhiteElo "2692"]
[BlackElo "2618"]
[PlyCount "76"]
[EventDate "2001.03.??"]

1. e4 c5 2. Nf3 Nc6 3. Bb5 e6 4. O-O Nge7 5. c3 a6 6. Ba4 b5 7. Bc2 Bb7 8. Re1
d5 9. exd5 Nxd5 10. d4 cxd4 11. cxd4 Be7 12. Nc3 Ncb4 13. Bb3 Rc8 14. Ne4 Nf6
15. Neg5 Bd5 16. Ne5 O-O 17. Re2 h6 18. Ngf3 Bxb3 19. axb3 Qc7 20. Bd2 Nfd5 21.
h3 Rfd8 22. Qb1 Qc2 23. Qxc2 Rxc2 24. Kf1 Rdc8 25. Ne1 R2c7 26. N1d3 Nc2 27.
Rxa6 Nxd4 28. Re4 Nxb3 29. Be1 Bf6 30. Ng4 Bxb2 31. Nxh6+ Kf8 32. Bb4+ Nxb4 33.
Rxb4 Nd4 34. Rxb2 Rc1+ 35. Ne1 gxh6 36. Raa2 b4 37. Rxb4 Rd1 38. f4 Rxe1+
1/2-1/2

[Event "World Cup Rapid Chess"]
[Site "Cannes"]
[Date "2001.03.23"]
[Round "5"]
[White "Hamdouchi, Hicham"]
[Black "Adams, Michael"]
[Result "0-1"]
[WhiteElo "2541"]
[BlackElo "2745"]
[PlyCount "76"]
[EventDate "2001.03.??"]

1. e4 e5 2. Nf3 Nc6 3. Nc3 Nf6 4. a3 g6 5. Bc4 Bg7 6. d3 d6 7. h3 Be6 8. Be3 h6
9. Bxe6 fxe6 10. d4 exd4 11. Nxd4 Qd7 12. Nxc6 Qxc6 13. Qd3 Nd7 14. Bd4 Ne5 15.
Qg3 O-O-O 16. O-O-O Qd7 17. Bxe5 Bxe5 18. f4 Bxc3 19. Qxc3 Qe7 20. h4 h5 21. g3
Kb8 22. e5 d5 23. Qd3 Rhg8 24. Kb1 c5 25. c4 Qf7 26. Ka2 b6 27. Rh2 Rd7 28.
Rhd2 Rgd8 29. Ka1 Kc7 30. Qc2 a5 31. cxd5 Rxd5 32. Rxd5 exd5 33. Re1 Qe6 34.
Rd1 d4 35. b3 a4 36. bxa4 c4 37. Qe4 c3 38. Rxd4 Qb3 0-1

[Event "World Cup Rapid Chess"]
[Site "Cannes"]
[Date "2001.03.23"]
[Round "5"]
[White "Lautier, Joel"]
[Black "Grischuk, Alexander"]
[Result "1/2-1/2"]
[WhiteElo "2653"]
[BlackElo "2676"]
[PlyCount "58"]
[EventDate "2001.03.??"]

1. d4 d5 2. c4 e6 3. Nc3 c5 4. cxd5 exd5 5. Nf3 Nc6 6. g3 Nf6 7. Bg2 Be7 8. O-O
O-O 9. Bg5 cxd4 10. Nxd4 h6 11. Bf4 Bg4 12. h3 Bd7 13. Kh2 Qb6 14. Be3 Qxb2 15.
Nxd5 Nxd5 16. Bxd5 Rad8 17. Rb1 Qa3 18. Qc1 Qxc1 19. Rfxc1 Nxd4 20. Bxd4 Bf5
21. e4 Bxe4 22. Bxe4 Rxd4 23. Bxb7 Rd2 24. Kg2 Rxa2 25. Bd5 Rd2 26. Rb7 Bd8 27.
Rd7 Rb2 28. Rc3 a5 29. Bxf7+ Rxf7 1/2-1/2

[Event "World Cup Rapid Chess"]
[Site "Cannes"]
[Date "2001.03.23"]
[Round "6"]
[White "Tkachiev, Vladislav"]
[Black "Kasimdzhanov, Rustam"]
[Result "1/2-1/2"]
[WhiteElo "2671"]
[BlackElo "2692"]
[PlyCount "48"]
[EventDate "2001.03.??"]

1. d4 g6 2. c4 Bg7 3. Nf3 Nf6 4. g3 O-O 5. Bg2 d6 6. O-O Nc6 7. Nc3 a6 8. b3
Rb8 9. e3 Bg4 10. h3 Bxf3 11. Bxf3 e5 12. Bb2 Qd7 13. d5 Ne7 14. Bg2 Ne8 15. a4
f5 16. f4 e4 17. Qd2 c6 18. Rfd1 a5 19. Rab1 c5 20. Nb5 Bxb2 21. Rxb2 b6 22.
Qc3 Nf6 23. Bf1 Kf7 24. Rg2 h5 1/2-1/2

[Event "World Cup Rapid Chess"]
[Site "Cannes"]
[Date "2001.03.23"]
[Round "6"]
[White "Gurevich, Mikhail"]
[Black "Hamdouchi, Hicham"]
[Result "1/2-1/2"]
[WhiteElo "2693"]
[BlackElo "2541"]
[PlyCount "28"]
[EventDate "2001.03.??"]

1. d4 d5 2. c4 c6 3. e3 Nf6 4. Nc3 a6 5. Nf3 b5 6. b3 Bg4 7. Be2 e6 8. O-O Nbd7
9. h3 Bh5 10. Bb2 Be7 11. Qc2 Bg6 12. Bd3 O-O 13. Bxg6 hxg6 14. Rfc1 Qb8
1/2-1/2

[Event "World Cup Rapid Chess"]
[Site "Cannes"]
[Date "2001.03.23"]
[Round "6"]
[White "Bareev, Evgeny"]
[Black "Gulko, Boris"]
[Result "0-1"]
[WhiteElo "2704"]
[BlackElo "2623"]
[PlyCount "100"]
[EventDate "2001.03.??"]

1. d4 d6 2. Nf3 Bg4 3. c4 Nd7 4. e4 Bxf3 5. Qxf3 g6 6. Nc3 Bg7 7. Qd1 c5 8. d5
Bxc3+ 9. bxc3 Qa5 10. Qc2 Ngf6 11. Rb1 O-O-O 12. Be2 Kb8 13. O-O h6 14. f4 Ka8
15. Be3 Rhg8 16. e5 dxe5 17. fxe5 Nxe5 18. Rb5 Qa6 19. Rxc5 Neg4 20. Bd4 e5 21.
dxe6 Qxe6 22. Bf3 Rxd4 23. cxd4 Qd6 24. Bxb7+ Kb8 25. Rb1 Qxd4+ 26. Kh1 Qxc5
27. Bf3+ Kc7 28. Rb7+ Kc8 29. Qb1 Qe5 30. g3 Re8 31. Rxf7 Qe1+ 32. Qxe1 Rxe1+
33. Kg2 Re6 34. c5 Ne5 35. Rxa7 Nxf3 36. Kxf3 Nd7 37. Ra5 Rf6+ 38. Ke3 Rf5 39.
g4 Re5+ 40. Kd4 Rg5 41. h3 h5 42. gxh5 Rxh5 43. Ra8+ Kb7 44. Rg8 Rh4+ 45. Kc3
Rxh3+ 46. Kb4 Ne5 47. a4 Nc6+ 48. Kb5 Rb3+ 49. Kc4 Rb4+ 50. Kd5 Ne7+ 0-1

[Event "World Cup Rapid Chess"]
[Site "Cannes"]
[Date "2001.03.23"]
[Round "7"]
[White "Hamdouchi, Hicham"]
[Black "Bacrot, Etienne"]
[Result "1/2-1/2"]
[WhiteElo "2541"]
[BlackElo "2618"]
[PlyCount "22"]
[EventDate "2001.03.??"]

1. e4 c5 2. Nf3 Nc6 3. d4 cxd4 4. Nxd4 Nf6 5. Nc3 d6 6. Bc4 Qb6 7. Nxc6 bxc6 8.
O-O g6 9. e5 dxe5 10. Qe2 Qc7 11. Re1 Bg7 1/2-1/2

[Event "World Cup Rapid Chess"]
[Site "Cannes"]
[Date "2001.03.23"]
[Round "7"]
[White "Kasimdzhanov, Rustam"]
[Black "Ye, Jiangchuan"]
[Result "1/2-1/2"]
[WhiteElo "2692"]
[BlackElo "2672"]
[PlyCount "130"]
[EventDate "2001.03.??"]

1. e4 c5 2. Nf3 d6 3. Bc4 Nf6 4. d3 e6 5. O-O Nc6 6. Bb3 Be7 7. c3 O-O 8. Re1
b5 9. d4 Bb7 10. Bg5 Rc8 11. Bxf6 Bxf6 12. d5 exd5 13. Bxd5 b4 14. a3 a5 15.
Qb3 Rb8 16. Nbd2 Qc7 17. Qc2 Rfe8 18. axb4 axb4 19. Nc4 h6 20. Rad1 Red8 21.
Ne3 bxc3 22. bxc3 Qa5 23. Rc1 Re8 24. Red1 Qc7 25. Ra1 Ra8 26. Rab1 Ra3 27. Qb2
Ra7 28. Nc4 Be7 29. Qb3 Bf8 30. Nh4 Na5 31. Nxa5 Bxd5 32. Qxd5 Qxa5 33. Rbc1
Qa2 34. c4 Re5 35. Qc6 Qa4 36. Qxa4 Rxa4 37. Re1 d5 38. cxd5 Raxe4 39. Rxe4
Rxe4 40. Nf3 f5 41. Kf1 Kf7 42. Rb1 g5 43. Rb7+ Kf6 44. Rb6+ Ke7 45. Rc6 Kd7
46. Rf6 Bd6 47. Rf7+ Ke8 48. Rxf5 c4 49. Nd2 Rd4 50. Ke2 c3 51. Nb3 c2 52. Rf6
Bf4 53. Rc6 Rb4 54. Nd2 Rb2 55. g3 c1=Q 56. Rxc1 Bxd2 57. Rc6 g4 58. Rg6 Bg5+
59. Kf1 Kd7 60. Kg2 Rd2 61. Ra6 Be3 62. Rf6 Bg5 63. Rf5 Kd6 64. h3 gxh3+ 65.
Kxh3 Rxd5 1/2-1/2

[Event "World Cup Rapid Chess"]
[Site "Cannes"]
[Date "2001.03.23"]
[Round "7"]
[White "Lautier, Joel"]
[Black "Bareev, Evgeny"]
[Result "0-1"]
[WhiteElo "2653"]
[BlackElo "2704"]
[PlyCount "70"]
[EventDate "2001.03.??"]

1. d4 Nf6 2. c4 c5 3. d5 b5 4. cxb5 a6 5. bxa6 g6 6. Nc3 Bxa6 7. g3 d6 8. Bg2
Bg7 9. Nf3 Nbd7 10. O-O Nb6 11. Nh4 O-O 12. Qc2 Qd7 13. Rd1 Rfb8 14. b3 c4 15.
Be3 cxb3 16. axb3 Qb7 17. Ra3 Ng4 18. Bd2 Qc7 19. Be1 Nxf2 20. Bxf2 Qxc3 21.
Qxc3 Bxc3 22. Ra2 Nd7 23. Nf3 Rxb3 24. Nd4 Rb2 25. Ra3 Bb4 26. Re3 Ne5 27. Re4
f5 28. Rh4 Bc5 29. h3 Bxe2 30. Nxe2 Rxe2 31. Bxc5 Raa2 32. Bh1 dxc5 33. d6 e6
34. Rf4 Rad2 35. Rc1 Nd3 0-1

[Event "World Cup Rapid Chess"]
[Site "Cannes"]
[Date "2001.03.23"]
[Round "7"]
[White "Svidler, Peter"]
[Black "Grischuk, Alexander"]
[Result "1/2-1/2"]
[WhiteElo "2696"]
[BlackElo "2676"]
[PlyCount "45"]
[EventDate "2001.03.??"]

1. e4 e5 2. Nf3 Nc6 3. Bb5 a6 4. Ba4 Nf6 5. O-O Be7 6. Re1 b5 7. Bb3 d6 8. c3
O-O 9. h3 Na5 10. Bc2 c5 11. d4 Bb7 12. Nbd2 cxd4 13. cxd4 exd4 14. Nxd4 Re8
15. b3 Bf8 16. Bb2 g6 17. Qf3 Bg7 18. Rad1 Rc8 19. Bb1 Nc6 20. Nxc6 Bxc6 21.
Bd4 Re6 22. b4 Qe7 23. Qa3 1/2-1/2

[Event "World Cup Rapid Chess"]
[Site "Cannes"]
[Date "2001.03.23"]
[Round "7"]
[White "Gulko, Boris"]
[Black "Kasparov, Garry"]
[Result "1/2-1/2"]
[WhiteElo "2623"]
[BlackElo "2849"]
[PlyCount "42"]
[EventDate "2001.03.??"]

1. d4 Nf6 2. c4 g6 3. Nc3 d5 4. Nf3 Bg7 5. Qb3 dxc4 6. Qxc4 O-O 7. e4 Na6 8.
Be2 c5 9. d5 e6 10. O-O exd5 11. exd5 Bf5 12. Be3 Qb6 13. Nh4 Bd7 14. Rab1 Rfe8
15. Rfd1 Rxe3 16. fxe3 Bh6 17. e4 Qd6 18. Rf1 Nb4 19. a3 Nc2 20. Nb5 Bxb5 21.
Qxc2 Re8 1/2-1/2

[Event "World Cup Rapid Chess"]
[Site "Cannes"]
[Date "2001.03.23"]
[Round "7.1"]
[White "Svidler, Peter"]
[Black "Polgar, Judit"]
[Result "1/2-1/2"]
[WhiteElo "2696"]
[BlackElo "2675"]
[PlyCount "86"]
[EventDate "2001.03.??"]

1. e4 c5 2. Nf3 d6 3. d4 cxd4 4. Nxd4 Nf6 5. Nc3 a6 6. Be2 e5 7. Nb3 Be7 8. Be3
Be6 9. Nd5 Nbd7 10. Qd3 Bxd5 11. exd5 Rc8 12. c4 O-O 13. O-O a5 14. Rac1 b6 15.
Nd2 g6 16. Kh1 Ne8 17. f4 f5 18. Qb3 Bf6 19. Nf3 Nc5 20. Qc2 Qe7 21. Rfe1 Qg7
22. b3 e4 23. Ng5 Bxg5 24. fxg5 f4 25. Bxc5 bxc5 26. Qxe4 Nc7 27. Bg4 Rce8 28.
Be6+ Kh8 29. Rc2 Re7 30. Rf2 Rfe8 31. Qxf4 Nxe6 32. dxe6 Rxe6 33. Rxe6 Rxe6 34.
h4 Kg8 35. Qf3 Qe7 36. Kh2 Re4 37. g3 Kg7 38. Qc3+ Qe5 39. Qxa5 Rxh4+ 40. Kg2
Qe4+ 41. Rf3 Qe2+ 42. Rf2 Qe4+ 43. Rf3 Qe2+ 1/2-1/2

[Event "World Cup Rapid Chess"]
[Site "Cannes"]
[Date "2001.03.24"]
[Round "8.1"]
[White "Bacrot, Etienne"]
[Black "Bareev, Evgeny"]
[Result "0-1"]
[WhiteElo "2618"]
[BlackElo "2704"]
[PlyCount "122"]
[EventDate "2001.03.??"]

1. d4 d5 2. c4 c6 3. Nc3 Nf6 4. Nf3 dxc4 5. a4 Bf5 6. Ne5 e6 7. f3 Bb4 8. e4
Bxe4 9. fxe4 Nxe4 10. Bd2 Qxd4 11. Nxe4 Qxe4+ 12. Qe2 Bxd2+ 13. Kxd2 Qd5+ 14.
Kc2 Na6 15. Nxc4 O-O 16. Qe5 Rab8 17. a5 f6 18. Qxd5 cxd5 19. Ne3 Rfc8+ 20. Kb1
Kf7 21. Ra3 f5 22. Be2 Nb4 23. Rf1 Ke7 24. Ra4 Nc6 25. g4 g6 26. gxf5 gxf5 27.
a6 bxa6 28. Rxa6 Rb6 29. Rxf5 d4 30. Rxb6 axb6 31. Rh5 dxe3 32. Rxh7+ Kd6 33.
Rh3 Nd4 34. Rxe3 Rh8 35. h3 Nxe2 36. Rxe2 Rxh3 37. Re4 e5 38. Kc2 Rh6 39. Kd3
Kd5 40. Rb4 Rd6 41. Rb3 b5 42. Ke3 Kc4 43. Rc3+ Kb4 44. Ke2 Rd4 45. Re3 e4 46.
Rc3 Rc4 47. Rh3 Rc2+ 48. Kd1 Rxb2 49. Re3 Ka4 50. Rxe4+ Rb4 51. Re8 Rc4 52. Re3
b4 53. Kd2 b3 54. Re8 Ka3 55. Ra8+ Kb2 56. Rd8 Kb1 57. Rb8 b2 58. Rd8 Rc2+ 59.
Kd1 Rc5 60. Kd2 Ra5 61. Rb8 Ka1 0-1

[Event "World Cup Rapid Chess"]
[Site "Cannes"]
[Date "2001.03.24"]
[Round "8.2"]
[White "Bareev, Evgeny"]
[Black "Bacrot, Etienne"]
[Result "1/2-1/2"]
[WhiteElo "2704"]
[BlackElo "2618"]
[PlyCount "129"]
[EventDate "2001.03.??"]

1. c4 e5 2. g3 Nc6 3. Bg2 g6 4. Nc3 Bg7 5. Rb1 a5 6. a3 d6 7. b4 axb4 8. axb4
f5 9. d3 h6 10. e3 Nf6 11. Nge2 O-O 12. O-O Ne7 13. f4 g5 14. Bd2 Ng6 15. Qc2
gxf4 16. exf4 h5 17. fxe5 dxe5 18. Bg5 Qd7 19. Nd5 Nh7 20. Be3 h4 21. Rbd1 hxg3
22. hxg3 Nf6 23. Nxf6+ Bxf6 24. Bc5 Be7 25. d4 Bxc5 26. bxc5 Qe7 27. c6 bxc6
28. Bxc6 Ra3 29. Rd3 e4 30. Rxa3 Qxa3 31. Qc1 Qd6 32. Ba4 Ba6 33. Bb3 Kg7 34.
Qg5 Qf6 35. Qxf6+ Rxf6 36. Ra1 Rb6 37. Ra3 Ne7 38. Kf2 Bc8 39. Nf4 Kf6 40. Ke3
Rb4 41. c5 Kg5 42. d5 Kg4 43. Kf2 e3+ 44. Kxe3 Kxg3 45. Ne2+ Kg4 46. d6 cxd6
47. cxd6 f4+ 48. Kf2 Nf5 49. Bd1 Rb2 50. Rb3 Rd2 51. Ke1 Rxd6 52. Nd4+ Kg5 53.
Nxf5 Bxf5 54. Rb5 Kf6 55. Rb4 Re6+ 56. Kf2 Kg5 57. Rb5 Ra6 58. Bf3 Ra4 59. Rc5
Kf6 60. Rc6+ Kg5 61. Rc5 Ra2+ 62. Kg1 Ra4 63. Kf2 Ra2+ 64. Kg1 Kf6 65. Rc6+
1/2-1/2

[Event "World Cup Rapid Chess"]
[Site "Cannes"]
[Date "2001.03.24"]
[Round "8.2"]
[White "Gurevich, Mikhail"]
[Black "Grischuk, Alexander"]
[Result "0-1"]
[WhiteElo "2693"]
[BlackElo "2676"]
[PlyCount "110"]
[EventDate "2001.03.??"]

1. c4 Nf6 2. Nc3 g6 3. g3 Bg7 4. Bg2 O-O 5. d3 d6 6. e3 e5 7. Nge2 c6 8. O-O
Na6 9. e4 Nh5 10. Be3 Qe7 11. Qd2 Nc5 12. d4 Nd7 13. Rad1 Re8 14. b3 a6 15.
dxe5 dxe5 16. Na4 f5 17. Nb6 Nxb6 18. Bxb6 Be6 19. Rfe1 Nf6 20. exf5 gxf5 21.
Nc3 Nd7 22. Be3 Qf7 23. Na4 Nf6 24. Bh6 Bxh6 25. Qxh6 Nd7 26. Rd6 Re7 27. Bf3
Qg6 28. Qh4 Qg7 29. c5 Rf8 30. Be2 Kh8 31. Bc4 Bxc4 32. Qxc4 e4 33. f4 exf3 34.
Rxe7 Qxe7 35. Qc3+ Kg8 36. Qxf3 Nxc5 37. Rd4 Ne6 38. Rd1 Ng5 39. Qd3 Qe4 40.
Qxe4 fxe4 41. h4 Nf3+ 42. Kg2 e3 43. Nc3 Nd2 44. Re1 Rf2+ 45. Kh3 Nf1 46. Ne4
Rh2+ 47. Kg4 e2 48. Nc3 Ne3+ 49. Kf3 Nc2 50. Rxe2 Nd4+ 51. Ke3 Nxe2 52. Nxe2
Kf7 53. Kf3 Kf6 54. b4 Ke5 55. a3 Rh1 0-1